Правила пожарной безопасности в Российской Федерации (с приложениями)

Dades bibliogràfiques
Sumari:Издание содержит официальный текст Правил пожарной безопасности (с приложениями), утвержденный Министерством РФ по делам гражданской обороны, чрезвычайным ситуациям и ликвидации последствий стихийных бедствий.
Idioma:rus
Publicat: Москва, Омега-Л, 2006
Col·lecció:Безопасность и охрана труда
Matèries:
Format: MixedMaterials Llibre
KOHA link:https://koha.lib.tpu.ru/cgi-bin/koha/opac-detail.pl?biblionumber=104462

MARC

LEADER 00000nam0a2200000 4500
001 104462
005 20231031114018.0
010 |a 5365002415 
035 |a (RuTPU)RU\TPU\book\112622 
090 |a 104462 
100 |a 20061102d2006 k y0rusy50 ca 
101 0 |a rus 
102 |a RU 
105 |a y l 000zy 
200 1 |a Правила пожарной безопасности в Российской Федерации (с приложениями) 
210 |a Москва  |c Омега-Л  |d 2006 
215 |a 147 с. 
225 1 |a Безопасность и охрана труда 
330 |a Издание содержит официальный текст Правил пожарной безопасности (с приложениями), утвержденный Министерством РФ по делам гражданской обороны, чрезвычайным ситуациям и ликвидации последствий стихийных бедствий. 
610 1 |a пожарная безопасность 
610 1 |a Российская Федерация 
610 1 |a населенные пункты 
610 1 |a жилые здания 
610 1 |a научные учреждения 
610 1 |a учебные учреждения 
610 1 |a дошкольные учреждения 
610 1 |a зрелищные учреждения 
610 1 |a промышленные предприятия 
610 1 |a торговые организации 
610 1 |a сельскохозяйственные предприятия 
610 1 |a пожароопасные работы 
610 1 |a пультовые сооружения 
610 1 |a правила 
675 |a 614.842.8(083.13)  |v 3 
801 1 |a RU  |b 63413507  |c 20061102  |g PSBO 
801 2 |a RU  |b 63413507  |c 20061116  |g PSBO 
942 |c BK